| 000 | 00554nam a22001811a 4500 | ||
|---|---|---|---|
| 003 | NEGST | ||
| 005 | 20110718132112.0 | ||
| 008 | 030714s1976 nyu 001 0 eng d | ||
| 245 | 0 | 0 |
_aWomen, literacy and development / _cI.I.A.L.M. _h[Text] |
| 260 |
_aNew York _bI.I.A.L.M. _c1976 |
||
| 300 | _a172p. | ||
| 490 | 0 |
_aLiteracy discussion series ; _vVol. 6; no. 4 |
|
| 590 | _aAccession number: 25627 | ||
| 650 | 0 |
_aWomen _xEducation. |
|
| 650 | 0 |
_aAdult education _xWomen. |
|
| 710 | 2 | _aInternational Institute for Adult Literacy Methods. | |
| 999 |
_c35973 _d35973 |
||